[Event "Reg Gillman mem-E corr"]
[Site "England"]
[Date "1999.12.01"]
[Round "?"]
[White "Hanison, Bernard"]
[Black "Radosztics, Gerhard"]
[Result "1-0"]
[WhiteElo "2299"]
[BlackElo "2237"]
[PlyCount "27"]
[EventDate "1999.12.01"]
[EventType "tourn (corr)"]
[EventRounds "13"]
[EventCountry "ENG"]
[EventCategory "2"]
[SourceTitle "Corr 2002"]
[Source "ChessBase"]
[SourceDate "2002.05.23"]
[SourceVersion "1"]
[SourceVersionDate "2002.05.23"]
[SourceQuality "1"]

1. e4 c5 2. Nf3 d6 3. d4 cxd4 4. Nxd4 Nf6 5. Nc3 a6 6. Bc4 e6 7. Bb3 b5 8. Bg5 Be7 9. Qf3 Qc7 10. 0-0-0 0-0 11. e5 Bb7 12. exf6 Bxf3 13. fxe7 Bxd1 14. Nxe6 1-0

[Event "Reg Gillman mem-E corr"]
[Site "England"]
[Date "1999.12.01"]
[Round "?"]
[White "Livie, George WG"]
[Black "Radosztics, Gerhard"]
[Result "1-0"]
[WhiteElo "2243"]
[BlackElo "2237"]
[PlyCount "45"]
[EventDate "1999.12.01"]
[EventType "tourn (corr)"]
[EventRounds "13"]
[EventCountry "ENG"]
[EventCategory "2"]
[SourceTitle "Corr 2002"]
[Source "ChessBase"]
[SourceDate "2002.05.23"]
[SourceVersion "1"]
[SourceVersionDate "2002.05.23"]
[SourceQuality "1"]

1. e4 c5 2. Nf3 d6 3. d4 cxd4 4. Nxd4 Nf6 5. Nc3 a6 6. Be2 e5 7. Nf3 Qc7 8. Bg5 Nbd7 9. 0-0 b5 10. Re1 h6 11. Bd2 Bb7 12. Bd3 b4 13. Nd5 Nxd5 14. exd5 a5 15. Bb5 Qc5 16. Qe2 Bxd5 17. c4 bxc3 18. Bxc3 f6 19. Rac1 Rb8 20. Bxd7+ Kxd7 21. Bxe5 Qb5 22. Qc2 Qc4 23. Bc3 1-0

[Event "Reg Gillman mem-E corr"]
[Site "England"]
[Date "1999.12.01"]
[Round "?"]
[White "Radosztics, Gerhard"]
[Black "Canibal, Jaromir"]
[Result "1/2-1/2"]
[WhiteElo "2237"]
[BlackElo "2386"]
[PlyCount "40"]
[EventDate "1999.12.01"]
[EventType "tourn (corr)"]
[EventRounds "13"]
[EventCountry "ENG"]
[EventCategory "2"]
[SourceTitle "Corr 2002"]
[Source "ChessBase"]
[SourceDate "2002.05.23"]
[SourceVersion "1"]
[SourceVersionDate "2002.05.23"]
[SourceQuality "1"]

1. Nf3 Nf6 2. g3 g6 3. Bg2 Bg7 4. 0-0 0-0 5. d4 d6 6. c4 Nc6 7. Nc3 e5 8. d5 Ne7 9. e4 Kh8 10. Ne1 Nd7 11. Nd3 c6 12. Be3 cxd5 13. cxd5 f5 14. f3 b6 15. Rf2 a5 16. Rc2 Ba6 17. Qd2 Nc5 18. Nf2 fxe4 19. fxe4 Qd7 20. Qd1 Ng8 1/2-1/2

[Event "IECG WC.1999.F.00002 email"]
[Site "IECG email"]
[Date "1999.??.??"]
[Round "?"]
[White "Radosztics, Gerhard"]
[Black "Bilsel, Sabahaddin"]
[Result "1/2-1/2"]
[WhiteElo "2325"]
[BlackElo "2065"]
[PlyCount "31"]
[EventDate "1999.08.15"]
[EventType "tourn (corr)"]
[EventRounds "10"]
[SourceTitle "Corr 2008"]
[Source "ChessBase"]
[SourceDate "2008.06.24"]
[SourceVersion "1"]
[SourceVersionDate "2008.06.24"]
[SourceQuality "1"]

1. Nf3 Nf6 2. g3 d5 3. Bg2 c6 4. 0-0 Bg4 5. d3 Nbd7 6. Nbd2 e6 7. b3 Be7 8. Bb2 0-0 9. c4 a5 10. a3 Qb6 11. Qc2 Rfd8 12. Bc3 Qc7 13. Rfc1 b5 14. cxb5 cxb5 15. h3 Bh5 16. Bb2 1/2-1/2

[Event "IECG WC.1999.F.00002 email"]
[Site "IECG email"]
[Date "1999.??.??"]
[Round "?"]
[White "Radosztics, Gerhard"]
[Black "Smith, Douglas Royston"]
[Result "1/2-1/2"]
[WhiteElo "2325"]
[BlackElo "1977"]
[PlyCount "50"]
[EventDate "1999.08.15"]
[EventType "tourn (corr)"]
[EventRounds "10"]
[SourceTitle "Corr 2008"]
[Source "ChessBase"]
[SourceDate "2008.06.24"]
[SourceVersion "1"]
[SourceVersionDate "2008.06.24"]
[SourceQuality "1"]

1. Nf3 Nf6 2. g3 b6 3. Bg2 Bb7 4. 0-0 c5 5. c4 e6 6. Nc3 d6 7. Re1 Be7 8. e4 a6 9. d4 cxd4 10. Nxd4 Qc7 11. Be3 0-0 12. Rc1 Nbd7 13. f4 Rfe8 14. Bf2 Bf8 15. g4 h6 16. h3 Rac8 17. b3 e5 18. Nde2 exf4 19. Nxf4 Ne5 20. Ncd5 Nxd5 21. Nxd5 Bxd5 22. exd5 Be7 23. Re4 b5 24. Qe2 Bf6 25. Kh1 Qd8 1/2-1/2

[Event "IECG WC.1999.S.00004 email"]
[Site "IECG email"]
[Date "1998.??.??"]
[Round "?"]
[White "Claridge, John Bleddyn"]
[Black "Radosztics, Gerhard"]
[Result "1-0"]
[WhiteElo "2070"]
[BlackElo "2350"]
[PlyCount "71"]
[EventDate "1998.06.10"]
[EventType "tourn (corr)"]
[EventRounds "8"]
[SourceTitle "Corr 2008"]
[Source "ChessBase"]
[SourceDate "2008.06.24"]
[SourceVersion "1"]
[SourceVersionDate "2008.06.24"]
[SourceQuality "1"]

1. e4 c5 2. Nf3 d6 3. d4 cxd4 4. Nxd4 Nf6 5. Nc3 a6 6. Bg5 e6 7. f4 Be7 8. Qf3 Qc7 9. 0-0-0 Nbd7 10. g4 b5 11. Bxf6 Nxf6 12. g5 Nd7 13. f5 Bxg5+ 14. Kb1 Ne5 15. Qh5 Qd8 16. h4 Bf6 17. fxe6 0-0 18. Bh3 Kh8 19. Nd5 fxe6 20. Bxe6 g6 21. Qe2 Bb7 22. h5 g5 23. Rhf1 h6 24. Nf5 Re8 25. Nxf6 Rxe6 26. Ng4 Nxg4 27. Qxg4 Bxe4 28. Nxh6 Bxc2+ 29. Kxc2 Qc7+ 30. Kb1 Rxh6 31. Qxg5 Qg7 32. Qc1 Re6 33. Rg1 Qf8 34. Rdf1 Qe7 35. Rg6 Rxg6 36. hxg6 1-0

[Event "IECG CM.1997.0.00025"]
[Site "IECG email"]
[Date "1997.??.??"]
[Round "?"]
[White "Koch, Christian"]
[Black "Radosztics, Gerhard"]
[Result "1-0"]
[WhiteElo "2393"]
[BlackElo "2350"]
[PlyCount "49"]
[EventDate "1997.04.20"]
[EventType "tourn (corr)"]
[EventRounds "6"]
[SourceTitle "Corr 2008"]
[Source "ChessBase"]
[SourceDate "2008.06.24"]
[SourceVersion "1"]
[SourceVersionDate "2008.06.24"]
[SourceQuality "1"]

1. e4 c5 2. Nf3 d6 3. d4 cxd4 4. Nxd4 Nf6 5. Nc3 a6 6. Bg5 e6 7. f4 Be7 8. Qf3 Qc7 9. 0-0-0 Nbd7 10. g4 b5 11. Bxf6 Nxf6 12. g5 Nd7 13. f5 Nc5 14. f6 gxf6 15. gxf6 Bf8 16. Rg1 Bb7 17. Bh3 b4 18. Nd5 exd5 19. exd5 Nd7 20. Nc6 Ne5 21. Rge1 h5 22. Kb1 a5 23. Qf4 Bxc6 24. dxc6 Bh6 25. Qd4 1-0

[Event "IECG CM.1996.0.00013"]
[Site "IECG email"]
[Date "1996.??.??"]
[Round "?"]
[White "Fahrbach, Manfred"]
[Black "Radosztics, Gerhard"]
[Result "1/2-1/2"]
[WhiteElo "2347"]
[BlackElo "2350"]
[PlyCount "54"]
[EventDate "1996.04.19"]
[EventType "tourn (corr)"]
[EventRounds "6"]
[SourceTitle "Corr 2008"]
[Source "ChessBase"]
[SourceDate "2008.06.24"]
[SourceVersion "1"]
[SourceVersionDate "2008.06.24"]
[SourceQuality "1"]

1. Nf3 Nf6 2. d4 d5 3. Bg5 Ne4 4. Bf4 c5 5. e3 Qb6 6. Qc1 Nc6 7. c3 cxd4 8. cxd4 Bf5 9. Nh4 Bd7 10. Nf3 e6 11. Nfd2 Rc8 12. Nxe4 dxe4 13. Nc3 Nb4 14. Qd2 Nd5 15. Nxd5 exd5 16. a3 Be7 17. Be2 0-0 18. 0-0 Bb5 19. Bxb5 Qxb5 20. Rfc1 Qd7 21. Qd1 Rfe8 22. f3 exf3 23. Qxf3 Bf6 24. Rxc8 Rxc8 25. Qd1 a6 26. Rc1 b5 27. Qd2 Rxc1+ 1/2-1/2

[Event "IECG CM.1996.0.00013"]
[Site "IECG email"]
[Date "1996.??.??"]
[Round "?"]
[White "Radosztics, Gerhard"]
[Black "Van Kempen, Heinz Erich"]
[Result "1/2-1/2"]
[WhiteElo "2350"]
[BlackElo "2563"]
[PlyCount "90"]
[EventDate "1996.04.19"]
[EventType "tourn (corr)"]
[EventRounds "6"]
[SourceTitle "Corr 2008"]
[Source "ChessBase"]
[SourceDate "2008.06.24"]
[SourceVersion "1"]
[SourceVersionDate "2008.06.24"]
[SourceQuality "1"]

1. Nf3 Nf6 2. d4 d5 3. c4 c6 4. Nc3 e6 5. e3 Nbd7 6. Qc2 Bd6 7. b3 0-0 8. Bb2 e5 9. cxd5 cxd5 10. dxe5 Nxe5 11. Be2 Nxf3+ 12. Bxf3 d4 13. exd4 Re8+ 14. Kf1 Qa5 15. Qd2 Bg4 16. Bxg4 Nxg4 17. h3 Nf6 18. Qd3 a6 19. a3 Rad8 20. Rd1 Qh5 21. g3 Bc5 22. Ne2 Bd6 23. b4 Bb8 24. Ng1 Ne4 25. Kg2 Qf5 26. Nf3 Nxg3 27. Qxf5 Nxf5 28. Rhe1 Ne7 29. Ne5 Nd5 30. Nd3 b6 31. Rxe8+ Rxe8 32. Rc1 f6 33. a4 Kf7 34. Kf3 Ne7 35. a5 Bd6 36. axb6 Rb8 37. Nc5 Rxb6 38. Bc3 Nd5 39. Ke4 Nxb4 40. Bxb4 Rxb4 41. Nxa6 Rb3 42. f3 f5+ 43. Kd5 Be7 44. Rf1 Rb2 45. Nc5 Rh2 1/2-1/2